000 00859nam a22002417a 4500
005 20180629123444.0
010 _a1718EN-30 ENG-116457 B-687290-291
020 _a9788125060734
_c160.00
035 _aEN-99989
035 _aB-687290-291
037 _bUppal
037 _bDBAD/PUB
082 _a305.420954
100 _aMukhopadhyay, Aprita
245 _aFemin isms/
_cby Aprita Mukhopadhyay edited by Sumit Chakrabarti
260 _aNew Delhi
_bOrient Black Swan
_c2016
270 _a1/24 Asaf Ali Road
_bNew Delhi
_e110002
300 _avii,143p.
_c20cm (pbk)
500 _aIncludes index
700 _a Chakrabarti,Sumit
942 _2ddc
_cEN
_h305.420954
_mMUK
999 _c42240
_d42240